000 00284nam a2200133Ia 4500
008 220613s9999||||xx |||||||||||||| ||und||
100 _aJ C Pal
245 0 _aCurrent Surgery
250 _a1996
260 _bCentral Book Agency
300 _a694
650 _aSurgery
942 _cSURG
999 _c2705
_d2705